000 00574nam a2200229Ia 4500
003 OSt
005 20220924132556.0
006 a|||||r|||| 00| 0
007 ta
008 220923b |||||||| |||| 00| 0 san d
024 _a72607
037 _cTextual
040 _aARTS
_cARTS
_bsan
041 _2san
_asan
082 _aR6, 15G5
100 _aVisvarupadeva
_9204550
245 0 _aVivekamartanda ed by K Sambasiva Sastri
260 _c1935
650 _aINDIAN PHILOSOPHY
942 _hR6, 15G5
_cTEXL
_2CC
999 _c430755
_d430755